000 00686nam a22001697a 4500
005 20170522145047.0
010 _aENG-118315
020 _a9788131250877
_c1150.00
035 _aEN-101846
037 _bDBAD/PUB
082 _a343.54052
245 _aChaturvedi & pithisaria income tax act with relevant texts and allied rules /
_cby Mukesh Pithisaria
260 _aHaryana
_bLexisNexis
_c2017
270 _a14th Floor, Building No 10, Tower-B, DLF Cyber City, Phase-II, Gurgaon-122002, Haryana, India
300 _accxlv, 1403p
_c24cm.(pbk)
942 _2ddc
_cEN
_h343.54052
_mCHA
999 _c140232
_d140232